00378nam a22001457a 450000500170000001000130001702000230003003500130005303700230006608200080008910000180009724500410011526000360015630000400019220190516133954.0 aB-166520 a8170430992c275.00 aB-166520 bAtma Ram And Sons. a915 aSingh, Gopal. aA geography of india /cGopal Singh. aDelhibAtma Ram And Sons.c2005 a554p (it include index)c24cm (hbk)